000 00470nam a2200181Ia 4500
001 8952
005 20260306160647.0
008 260306t2015||||xx |||||||||||||| ||spa||
041 _aESP
082 _a372.1
_bA72
100 _aAriso Salgado, José María
_eAUT
245 0 _aLa convivencia escolar:
_bmanual para maestros de infantil y primaria
260 _c2015
300 _a189 páginas :
_c24 cm.
650 _aGEN
654 _aCED
942 _cLIB
_dJUS
_fJUS
_2ddc
_n
999 _c8952
_d8952